000 00802nam a2200241 i 4500
001 bg
100 1 _aPerlmann-Balme, Michaela.
245 0 0 _aem neu Hauptkurs :
_bDeutsch als Fremdsprache Niveaustufe B2 : Arbeitsbuch /
_cMichaela Perlmann-Balme, Susanne Schwalb.
260 _aIsmaning :
_bHueber Verlag,
_c2008.
300 _a152 s. :
_bil. ;
_c29 cm +
_edysk optyczny (CD-ROM).
500 _aNa etykiecie płyty: "Lerner-CD. Aussprachetraining".
650 9 _aJęzyk niemiecki
655 _aPodręczniki
700 1 _aSchwalb, Susanne.
020 _a9783195116954
040 _cBPK
041 0 _ager
044 _aDEU
920 _a978-3-19-511695-4
942 _cKS
008 s pl f |000 0 pol
999 _c55823
_d55823
856 _uhttp://koha.tu.koszalin.pl/cgi-bin/koha/opac-detail.pl?biblionumber=55823
_yKatalog online BPK